000 00844nam a22003017a 4500
001 BR6002307
003 BR-BrBNA
005 20230928083123.0
007 ta
008 230509b bl.||||| |||| 00| 0 por d
040 _aBR-BrBNA
_bpor
_cBiblioteca Nacional de Agricultura
041 _a(Por)
072 _aQ10
_b2110
090 _ 2110 BR6002307
100 1 _aSilva, P.
110 1 _aCentro de Pesquisas do Cacau, Ilheus, BA (Brasil)
_91631
245 1 _aIndustrializacao do cacau. Chocolate, cacau em po, manteiga
_bCurso Internacional do Cacau
260 3 _aIlheus, BA (Brasil):
_c1970.
300 _a5 p.
500 _a6 ref.
650 _aTecnologia de alimento
650 _aCacau
650 _aChocolate
650 _aManteiga
650 _aIndustria alimenticia
909 _a202309
_bLucia
_c55
_dLucia Elande
942 _cBK
999 _c11668
_d11668